000 00522nam a2200217 a 4500
999 _c7597
_d7597
001 7597
003 BD-JhCC
005 20180212102524.0
008 180212s1972 b |||| || | 000 0 eng d
035 _a(BD-JhCC)7597
040 _aBD-JhCC
_dBD-JhCC
041 _aeng
082 _a822.33
_bCHO 1972
100 _aChowdhury, Munier
245 _aThree Plays /
_cMunier Chowdhury,
260 _aDacca :
_bBengali Academy,
_c1972.
300 _a76 p. :
_c21 cm.
650 _aDrama
942 _2ddc
_cBK